| 000 | 01008nam a22003137a 4500 | ||
|---|---|---|---|
| 001 | 5857 | ||
| 003 | FISKH | ||
| 005 | 20250708151806.0 | ||
| 008 | 250127b cb ||||| |||| 00| 0 eng d | ||
| 020 | _a9780545068239 | ||
| 040 |
_aFISKH _beng _cFISKH _dFISKH |
||
| 050 | _aPZ7.R982 | ||
| 082 | _a813.54 | ||
| 100 |
_aRylant, Cynthia _d(1954-) |
||
| 245 |
_aPoppleton in Winter / _cCynthia Rylant ; Illustrated by Mark Teague |
||
| 250 | _aThis edition first printing in 2008 | ||
| 260 |
_aNew York : _bScholastic, _c2008. |
||
| 300 |
_a48 pages : _bcolor illustrations ; _c23 cm |
||
| 490 | _vGrowing reader level 3 | ||
| 505 | _aJ | ||
| 520 | _aPoppleton the pig makes a new friend after an icicle accident, creates a bust of Cherry Sue, and gets a wintry birthday surprise from his pals. | ||
| 521 | 8 |
_a500
_bLexile |
|
| 521 | 8 |
_aJ
_bRaz-Plus |
|
| 650 |
_2Snow _aWinter |
||
| 650 |
_2Pigs _aFriendship |
||
| 700 |
_aTeague, Mark _dillustrator |
||
| 942 |
_2ddc _cBK _n0 |
||
| 999 |
_c5857 _d5857 |
||